| 000 | 00645nam a22002057a 4500 | ||
|---|---|---|---|
| 003 | 0 | ||
| 005 | 20240829141342.0 | ||
| 008 | 240829b xxu||||| |||| 00| 0 eng d | ||
| 020 | _a978-1-266-14670-1 | ||
| 050 |
_aHQ 767.9 _b.Sa26 2024 |
||
| 100 | _aSantrock, John W. | ||
| 245 |
_aChild development _cJohn W. Santrock |
||
| 250 | _aSixteenth edition | ||
| 260 |
_aNew York _bMcGraw Hill, LLC _c2024 |
||
| 300 |
_axliii, 610 pages : _bcolored illustrations and pages ; _c28cm. |
||
| 504 | _aIncludes bibliographical references, index, and glossary. | ||
| 650 | _aChild development. | ||
| 650 | _aChild psychology. | ||
| 942 |
_2lcc _cBK |
||
| 999 |
_c366161 _d366161 |
||